Human Resource Development : (Record no. 15172)

MARC details
000 -LEADER
fixed length control field 00714nam a22002177a 4500
003 - CONTROL NUMBER IDENTIFIER
control field URS
005 - DATE AND TIME OF LATEST TRANSACTION
control field 20220114171923.0
008 - FIXED-LENGTH DATA ELEMENTS--GENERAL INFORMATION
fixed length control field 180326b xxu||||| |||| 00| 0 eng d
020 ## - INTERNATIONAL STANDARD BOOK NUMBER
International Standard Book Number 9788171326853
050 14 - LIBRARY OF CONGRESS CALL NUMBER
Classification number HF 5549.2
Item number S615 2012
100 1# - MAIN ENTRY--PERSONAL NAME
Personal name Sinha, Mosam,
Dates associated with a name 2012-
Relator term author
245 ## - TITLE STATEMENT
Title Human Resource Development :
Statement of responsibility, etc. Dr. Mosam Sinha.
264 #1 - PRODUCTION, PUBLICATION, DISTRIBUTION, MANUFACTURE, AND COPYRIGHT NOTICE
Place of production, publication, distribution, manufacture Jaipur (Raj.);
-- India :
Name of producer, publisher, distributor, manufacturer Pointer Publishers,
Date of production, publication, distribution, manufacture, or copyright notice ©2012.
300 ## - PHYSICAL DESCRIPTION
Extent xi, 132 pages :
Other physical details illustration ;
Dimensions 22 cm
336 ## - CONTENT TYPE
Source rdacontent
Content type term text
336 ## - CONTENT TYPE
Source rdacontent
Content type term still image
337 ## - MEDIA TYPE
Source rdamedia
Media type term unmediated
338 ## - CARRIER TYPE
Source rdacarrier
Carrier type term volume
524 ## - PREFERRED CITATION OF DESCRIBED MATERIALS NOTE
Preferred citation of described materials note Sinha, D. M. (2012). Human Resource Development. India: Pointer Publishers.
942 ## - ADDED ENTRY ELEMENTS (KOHA)
Source of classification or shelving scheme Library of Congress Classification
Koha item type Foreign Books
Holdings
Withdrawn status Source of classification or shelving scheme Damaged status Not for loan Collection code Home library Current library Shelving location Date acquired Total Checkouts Full call number Barcode Date last seen Price effective from Koha item type
  Library of Congress Classification     Non-fiction Binangonan College Library Binangonan College Library Foreign Section 06/07/2023   HF 5549.2 S615 2012 URSBIN-01267 03/26/2018 03/26/2018 Foreign Books

University of Rizal System
Email us at univlibservices@urs.edu.ph

Visit our Website www.urs.edu.ph/library